[Event "Regionalliga NW 0708"]
[Site "Bayern"]
[Date "2008.04.13"]
[Round "4.6"]
[White "Bachmann, Wolfgang"]
[Black "Haecker, Roland"]
[Result "0-1"]
[WhiteElo "1928"]
[BlackElo "1763"]
[PlyCount "166"]
[EventDate "2007.10.21"]
[EventType "team-tourn"]
[EventRounds "9"]
[EventCountry "GER"]
[SourceTitle "EXT 2009"]
[Source "ChessBase"]
[SourceDate "2008.11.26"]
[SourceVersion "1"]
[SourceVersionDate "2008.11.26"]
[SourceQuality "1"]
[WhiteTeam "Wuerzburg II"]
[BlackTeam "Schweinheim"]
[WhiteTeamCountry "GER"]
[BlackTeamCountry "GER"]

1. d4 d5 2. Nf3 e6 3. e3 Nf6 4. Bd3 Nbd7 5. Nbd2 c5 6. b3 Be7 7. Bb2 0-0 8. 0-0 b6 9. Ne5 Bb7 10. f4 cxd4 11. exd4 Rc8 12. Rc1 Ne4 13. Nxe4 dxe4 14. Bb5 Nf6 15. Qe2 Rc7 16. f5 Qc8 17. fxe6 Qxe6 18. c4 a6 19. Ba4 Bd6 20. Rcd1 Qe7 21. Ng4 Nxg4 22. Qxg4 Bc8 23. Qe2 f5 24. g3 f4 25. gxf4 Bxf4 26. Bc1 Qg5+ 27. Qg2 Qxg2+ 28. Kxg2 e3 29. Rde1 b5 30. cxb5 Rc2+ 31. Kf3 Bb7+ 32. Kg4 Rg2+ 33. Kh3 Rf6 34. Rxf4 Rxf4 35. bxa6 Bd5 36. Rxe3 Rxd4 37. a7 Kf7 38. Re5 Ba8 39. Re8 Rxa4 40. Rxa8 Raxa2 41. Bf4 Rgb2 42. Bg3 Rxb3 43. Rb8 Rba3 44. Rb7+ Kg6 45. Rb6+ Kh5 46. Rb5+ g5 47. a8Q Rxa8 48. Bf4 R8a3+ 49. Bg3 Ra5 50. Rxa5 Rxa5 51. Kg2 Kg4 52. h3+ Kf5 53. Bc7 Ra2+ 54. Kf3 h5 55. Bd6 Rb2 56. Bc7 Rb3+ 57. Ke2 Ke4 58. Bd8 Kf5 59. Bc7 Rb5 60. Kf3 Rb3+ 61. Kg2 g4 62. hxg4+ Kxg4 63. Be5 h4 64. Kh2 Re3 65. Bd6 Re2+ 66. Kh1 Kh3 67. Kg1 Rg2+ 68. Kf1 Rg6 69. Be5 Re6 70. Bc7 Kg4 71. Kg2 Re2+ 72. Kh1 Kf3 73. Kg1 Rg2+ 74. Kh1 Rc2 75. Bd6 Kg4 76. Kg1 Kh3 77. Bf4 Rg2+ 78. Kf1 Rg3 79. Kf2 Rg2+ 80. Kf1 Rg3 81. Kf2 Rc3 82. Be5 Rc2+ 83. Kf3 Rc5 0-1

[Event "Regionalliga NW 0708"]
[Site "Bayern"]
[Date "2007.11.04"]
[Round "2.7"]
[White "Haecker, Roland"]
[Black "Zimmermann, Frank1111"]
[Result "1-0"]
[WhiteElo "1763"]
[BlackElo "1764"]
[PlyCount "123"]
[EventDate "2007.10.21"]
[EventType "team-tourn"]
[EventRounds "9"]
[EventCountry "GER"]
[SourceTitle "EXT 2009"]
[Source "ChessBase"]
[SourceDate "2008.11.26"]
[SourceVersion "1"]
[SourceVersionDate "2008.11.26"]
[SourceQuality "1"]
[WhiteTeam "Schweinheim"]
[BlackTeam "Nordhalben"]
[WhiteTeamCountry "GER"]
[BlackTeamCountry "GER"]

1. e4 d6 2. d4 g6 3. Be3 Bg7 4. Bc4 c5 5. c3 Nd7 6. Ne2 Rb8 7. a4 a6 8. Na3 Ngf6 9. f3 0-0 10. 0-0 Qc7 11. Rc1 Nb6 12. Ba2 Nbd7 13. b4 b6 14. Qd2 e5 15. Rfd1 Kh8 16. Bh6 Ng8 17. Bxg7+ Kxg7 18. dxc5 dxc5 19. Qd6 Qxd6 20. Rxd6 Ngf6 21. Rcd1 Rb7 22. Nc4 b5 23. Na5 Rc7 24. axb5 axb5 25. Rc6 Rxc6 26. Nxc6 Bb7 27. Na5 Ra8 28. Bb1 Ra7 29. Kf2 c4 30. Ke3 Bc8 31. h3 Rc7 32. g4 Nb6 33. f4 exf4+ 34. Kxf4 Ng8 35. Bc2 Ne7 36. Nd4 Ba6 37. g5 h6 38. h4 hxg5+ 39. hxg5 Nec8 40. Re1 Re7 41. Rd1 Nd7 42. Ndc6 Nf8 43. Nxe7 Nxe7 44. Ke5 Ne6 45. Rg1 Nc8 46. Bd1 Nxg5 47. Kd5 f6 48. Bg4 Nb6+ 49. Kc6 Na4 50. e5 Ne4 51. e6 Kf8 52. Rh1 f5 53. Kd7 Nf6+ 54. Kd8 Nxc3 55. Bf3 Kg7 56. e7 g5 57. Bc6 g4 58. e8Q Nxe8 59. Bxe8 Ne4 60. Bc6 Kf6 61. Bxe4 fxe4 62. Rh6+ 1-0

[Event "Regionalliga NW 0607"]
[Site "Bayern"]
[Date "2006.10.15"]
[Round "1.6"]
[White "Lechleitner, Walter"]
[Black "Haecker, Roland"]
[Result "1-0"]
[WhiteElo "1969"]
[BlackElo "1751"]
[PlyCount "99"]
[EventDate "2006.10.15"]
[EventType "team-tourn"]
[EventRounds "9"]
[EventCountry "GER"]
[SourceTitle "EXT 2008"]
[Source "ChessBase"]
[SourceDate "2007.11.25"]
[SourceVersion "1"]
[SourceVersionDate "2007.11.25"]
[SourceQuality "1"]
[WhiteTeam "Kronach"]
[BlackTeam "Schweinheim"]
[WhiteTeamCountry "GER"]
[BlackTeamCountry "GER"]

1. d4 d5 2. Nf3 e6 3. c4 Nf6 4. Nc3 c6 5. e3 Nbd7 6. Qc2 Bb4 7. Bd3 dxc4 8. Bxc4 b6 9. 0-0 Bb7 10. Rd1 0-0 11. e4 Qc8 12. Bg5 Bxc3 13. bxc3 h6 14. Bf4 Re8 15. a4 a6 16. Ba2 c5 17. d5 e5 18. Be3 c4 19. Rab1 Nc5 20. Nd2 Ng4 21. Nxc4 Nxe3 22. Nxe3 Qd8 23. Nc4 b5 24. axb5 a5 25. Nb2 a4 26. f3 Qg5 27. Qd2 Qf6 28. Nd3 Qd6 29. Qe3 Rec8 30. Nxc5 Rxc5 31. c4 Bc8 32. Rd2 f5 33. exf5 Bxf5 34. Re1 Re8 35. Rde2 Bg6 36. Qa3 Bf7 37. Qxa4 Rcc8 38. Qa7 Bg6 39. Qa6 Qc5+ 40. Kh1 Bd3 41. Rxe5 Rxe5 42. Rxe5 Bxc4 43. Qe6+ Kh8 44. Bxc4 Qxc4 45. Re1 Rd8 46. b6 Qb4 47. h3 Rb8 48. d6 Rxb6 49. Qc8+ Kh7 50. Qf5+ 1-0

[Event "Regionalliga NW 0506"]
[Site "Bayern"]
[Date "2006.04.02"]
[Round "9.8"]
[White "Kinkelin, Ulrich"]
[Black "Haecker, Roland"]
[Result "1-0"]
[WhiteElo "1899"]
[BlackElo "1750"]
[PlyCount "75"]
[EventDate "2005.10.23"]
[EventType "team-tourn"]
[EventRounds "9"]
[EventCountry "GER"]
[SourceTitle "EXT 2007"]
[Source "ChessBase"]
[SourceDate "2006.11.23"]
[SourceVersion "1"]
[SourceVersionDate "2006.11.23"]
[SourceQuality "1"]

1. e4 e5 2. Bc4 Nc6 3. Nf3 Bc5 4. c3 Nf6 5. b4 Bb6 6. Qb3 Qe7 7. d3 d6 8. a4 a5 9. b5 Nd8 10. Ba3 0-0 11. Nbd2 Kh8 12. 0-0 Nh5 13. d4 f6 14. Rfe1 Qe8 15. g3 Bh3 16. Bf1 Bxf1 17. Nxf1 Qd7 18. Ne3 Nf7 19. Qd1 g6 20. Nd5 Ba7 21. Rb1 c6 22. Ne3 Rac8 23. b6 Bb8 24. Nc4 Rfe8 25. Nxa5 d5 26. dxe5 Nxe5 27. exd5 cxd5 28. Bb4 Qf7 29. Nb3 Ng7 30. Nbd4 Nxf3+ 31. Qxf3 Be5 32. Nb5 Rc4 33. Rxe5 Rxe5 34. Nd6 Qe7 35. Nxc4 Re1+ 36. Kg2 Rxb1 37. Bxe7 dxc4 38. Bxf6 1-0

[Event "Regionalliga NW 0506"]
[Site "Bayern"]
[Date "2006.03.12"]
[Round "8.7"]
[White "Bizzell, Brandon"]
[Black "Haecker, Roland"]
[Result "1-0"]
[WhiteElo "1704"]
[BlackElo "1728"]
[PlyCount "98"]
[EventDate "2005.10.23"]
[EventType "team-tourn"]
[EventRounds "9"]
[EventCountry "GER"]
[SourceTitle "EXT 2007"]
[Source "ChessBase"]
[SourceDate "2006.11.23"]
[SourceVersion "1"]
[SourceVersionDate "2006.11.23"]
[SourceQuality "1"]

1. e4 c5 2. Nf3 Nc6 3. Bb5 d6 4. Bxc6+ bxc6 5. 0-0 e6 6. Re1 d5 7. d3 Qc7 8. Nc3 Ne7 9. b3 Bb7 10. Bb2 a6 11. Qd2 Ng6 12. g3 Rd8 13. Rad1 Be7 14. Na4 0-0 15. Bc3 Rb8 16. Ba5 Qc8 17. h4 h5 18. Qc3 d4 19. Qc4 Ba8 20. Bb6 e5 21. Bxc5 Bxc5 22. Nxc5 Qg4 23. Nh2 Qh3 24. Nxa6 Rbd8 25. Nc5 Rd6 26. Kh1 Rf6 27. Re2 Rd8 28. Qb4 Kh7 29. Qe1 Nf8 30. Qf1 Qxf1+ 31. Rxf1 Ne6 32. Nxe6 Rxe6 33. Nf3 f6 34. Nd2 c5 35. Nc4 Bb7 36. Kg1 Ba6 37. Nd2 Ra8 38. f4 Bc8 39. fxe5 Rxe5 40. Nc4 Re7 41. a4 Bg4 42. Ref2 Raa7 43. Ra1 Kg6 44. Kg2 Ra6 45. Nd2 Bc8 46. Nf3 Bg4 47. Ng1 Ra8 48. Ne2 Bxe2 49. Rxe2 Ra6 1-0

[Event "Regionalliga NW 0506"]
[Site "Bayern"]
[Date "2005.12.11"]
[Round "4.8"]
[White "Haecker, Roland"]
[Black "Volkert, Jan"]
[Result "1-0"]
[WhiteElo "1728"]
[BlackElo "1799"]
[PlyCount "87"]
[EventDate "2005.10.23"]
[EventType "team-tourn"]
[EventRounds "9"]
[EventCountry "GER"]
[SourceTitle "EXT 2007"]
[Source "ChessBase"]
[SourceDate "2006.11.23"]
[SourceVersion "1"]
[SourceVersionDate "2006.11.23"]
[SourceQuality "1"]

1. e4 e5 2. Nf3 Nc6 3. Bb5 a6 4. Ba4 d6 5. h3 f5 6. d3 Nf6 7. Nc3 Be7 8. a3 h6 9. Bb3 g5 10. Nd5 Nxd5 11. Bxd5 g4 12. Ng1 h5 13. Bd2 Bg5 14. c3 Rf8 15. Qc1 f4 16. hxg4 hxg4 17. f3 Bh4+ 18. Kd1 Qg5 19. Kc2 Bf2 20. Qf1 g3 21. Nh3 Bxh3 22. Rxh3 0-0-0 23. Qh1 Ne7 24. Rh5 Qf6 25. Qh3+ Kb8 26. Rh6 Ng6 27. Qg4 Rh8 28. Rxg6 Qh4 29. Qxh4 Rxh4 30. Be6 Rdh8 31. Bh3 Rxh3 32. gxh3 Rxh3 33. Rd1 Rh2 34. Kc1 g2 35. a4 Bg3 36. Rxg3 fxg3 37. Be3 Kc8 38. Rg1 Kd7 39. Kd2 Ke6 40. d4 d5 41. Kd3 exd4 42. cxd4 dxe4+ 43. fxe4 c6 44. Bf4 1-0

[Event "Regionalliga NW 0405"]
[Site "Bayern"]
[Date "2004.11.28"]
[Round "3.7"]
[White "Ruetzel, Wolfgang"]
[Black "Haecker, Roland"]
[Result "1-0"]
[WhiteElo "2008"]
[BlackElo "1771"]
[PlyCount "57"]
[EventDate "2004.10.24"]
[EventType "team-tourn"]
[EventRounds "9"]
[EventCountry "GER"]
[SourceTitle "EXT 2007"]
[Source "ChessBase"]
[SourceDate "2006.11.23"]
[SourceVersion "1"]
[SourceVersionDate "2006.11.23"]
[SourceQuality "1"]
[WhiteTeam "Burgsinn"]
[BlackTeam "Schweinheim"]
[WhiteTeamCountry "GER"]
[BlackTeamCountry "GER"]

1. c4 e6 2. Nf3 d5 3. b3 Nf6 4. g3 Be7 5. Bg2 c6 6. Bb2 Nbd7 7. 0-0 0-0 8. Qc2 Re8 9. d3 Bf8 10. Nbd2 e5 11. e3 Qc7 12. Rfd1 g6 13. cxd5 Nxd5 14. a3 N5b6 15. d4 Bg7 16. Rac1 exd4 17. Nxd4 Nf6 18. b4 a6 19. N2b3 Qe7 20. Nc5 Nbd7 21. Ndb3 Nxc5 22. Nxc5 Nd7 23. Bxg7 Kxg7 24. Qc3+ Kg8 25. Ne4 Qe5 26. Qxe5 Rxe5 27. Rxd7 Rxe4 28. Rd8+ Kg7 29. Bxe4 1-0

[Event "Regionalliga NW 0405"]
[Site "Bayern"]
[Date "2004.11.14"]
[Round "2.7"]
[White "Haecker, Roland"]
[Black "Fredrich, Viktor"]
[Result "0-1"]
[WhiteElo "1771"]
[BlackElo "2002"]
[PlyCount "104"]
[EventDate "2004.10.24"]
[EventType "team-tourn"]
[EventRounds "9"]
[EventCountry "GER"]
[SourceTitle "EXT 2007"]
[Source "ChessBase"]
[SourceDate "2006.11.23"]
[SourceVersion "1"]
[SourceVersionDate "2006.11.23"]
[SourceQuality "1"]
[WhiteTeam "Schweinheim"]
[BlackTeam "Kulmbach"]
[WhiteTeamCountry "GER"]
[BlackTeamCountry "GER"]

1. d4 Nf6 2. c4 e6 3. Nc3 Bb4 4. Bd2 c5 5. e3 0-0 6. Nf3 cxd4 7. exd4 b6 8. Be2 Bb7 9. 0-0 Nc6 10. a3 Bd6 11. Bg5 h6 12. Bh4 g5 13. Bg3 Bxg3 14. fxg3 d5 15. h4 Ne4 16. cxd5 exd5 17. hxg5 hxg5 18. g4 Kg7 19. Bb5 f6 20. Qd3 Ne7 21. Nd2 Nxd2 22. Qxd2 Qd6 23. Qf2 Rh8 24. Qf3 Rh4 25. Rae1 Rah8 26. Bd3 Rh1+ 27. Kf2 Rxf1+ 28. Rxf1 Bc8 29. Nb5 Qd7 30. Kg1 Rf8 31. Qh3 Rh8 32. Qf3 Rh6 33. Re1 Ba6 34. Qe2 Kf7 35. a4 Bxb5 36. Bxb5 Qd6 37. Bd3 Qh2+ 38. Kf2 Qf4+ 39. Kg1 Qxd4+ 40. Qe3 Qxe3+ 41. Rxe3 Nc6 42. Bf5 d4 43. Rd3 Ke7 44. Be4 Kd6 45. b4 f5 46. gxf5 Ke5 47. Bxc6 Rxc6 48. Kf2 Ke4 49. Rd2 d3 50. g4 Rc2 51. Ke1 Ke3 52. Rd1 Rh2 0-1

[Event "Unterfranken-ch M2 54th"]
[Site "Moembris"]
[Date "2003.04.23"]
[Round "4"]
[White "Haecker, Roland"]
[Black "Mueller, Gerhard3333"]
[Result "0-1"]
[WhiteElo "1764"]
[BlackElo "1870"]
[PlyCount "52"]
[EventDate "2003.04.21"]
[EventType "swiss"]
[EventRounds "9"]
[EventCountry "GER"]
[SourceTitle "EXT 2015"]
[Source "ChessBase"]
[SourceDate "2014.11.20"]
[SourceVersion "1"]
[SourceVersionDate "2014.11.20"]
[SourceQuality "1"]

1. d4 f5 2. g3 Nf6 3. Bg2 e6 4. Nf3 Be7 5. 0-0 0-0 6. Re1 Qe8 7. Nbd2 d5 8. c4 c6 9. Ne5 Nbd7 10. Ndf3 Nxe5 11. Nxe5 Nd7 12. Nxd7 Qxd7 13. b3 Rf6 14. Bg5 Rg6 15. Bxe7 Qxe7 16. e3 Bd7 17. f4 Rf8 18. Rc1 Rff6 19. Rc2 Rh6 20. Bf3 Be8 21. Ree2 Bg6 22. Rg2 Rh3 23. Qf1 Qf7 24. g4 fxg4 25. Rxg4 Rxf3 26. Qxf3 Bxc2 0-1

[Event "Unterfranken-ch M2 54th"]
[Site "Moembris"]
[Date "2003.04.23"]
[Round "5"]
[White "Suess, Mirco"]
[Black "Haecker, Roland"]
[Result "0-1"]
[WhiteElo "1827"]
[BlackElo "1764"]
[PlyCount "58"]
[EventDate "2003.04.21"]
[EventType "swiss"]
[EventRounds "9"]
[EventCountry "GER"]
[SourceTitle "EXT 2015"]
[Source "ChessBase"]
[SourceDate "2014.11.20"]
[SourceVersion "1"]
[SourceVersionDate "2014.11.20"]
[SourceQuality "1"]

1. e4 c5 2. d4 cxd4 3. c3 e6 4. cxd4 d5 5. e5 Nc6 6. Nf3 Nge7 7. a3 a6 8. Bd3 b5 9. b4 Bd7 10. Nbd2 Nc8 11. Nb3 Nb6 12. Bg5 Be7 13. Bxe7 Qxe7 14. Nc5 Ra7 15. h4 Nc4 16. Qe2 0-0 17. Bxh7+ Kh8 18. Qc2 f5 19. Bg6 Be8 20. h5 a5 21. bxa5 Rxa5 22. Qc3 Bf7 23. Ke2 Rfa8 24. Bxf7 Qxf7 25. a4 b4 26. Ng5 Qe7 27. Qd3 Rxc5 28. h6 g6 29. Nxe6 Qxe6 0-1

[Event "Unterfranken-ch M2 54th"]
[Site "Moembris"]
[Date "2003.04.22"]
[Round "3"]
[White "Feller, Simon"]
[Black "Haecker, Roland"]
[Result "1/2-1/2"]
[WhiteElo "1803"]
[BlackElo "1764"]
[PlyCount "175"]
[EventDate "2003.04.21"]
[EventType "swiss"]
[EventRounds "9"]
[EventCountry "GER"]
[SourceTitle "EXT 2015"]
[Source "ChessBase"]
[SourceDate "2014.11.20"]
[SourceVersion "1"]
[SourceVersionDate "2014.11.20"]
[SourceQuality "1"]

1. Nf3 d5 2. d4 e6 3. Bf4 Nf6 4. e3 Nbd7 5. a3 c5 6. dxc5 Bxc5 7. c4 0-0 8. Nc3 dxc4 9. Bxc4 a6 10. h3 b5 11. Be2 Bb7 12. 0-0 Re8 13. Ne5 Nxe5 14. Bxe5 Nd5 15. Nxd5 Bxd5 16. Bf3 Bxf3 17. Qxf3 Qe7 18. b4 Bd6 19. Bxd6 Qxd6 20. Rfd1 Qe7 21. Rac1 Rac8 22. Rc6 Qb7 23. Rdc1 Rxc6 24. Qxc6 Qxc6 25. Rxc6 Ra8 26. e4 g6 27. e5 h5 28. f4 Kg7 29. Kf2 Ra7 30. h4 Kf8 31. Ke3 Ke7 32. Rd6 Ra8 33. Kd4 a5 34. Kc5 axb4 35. Kxb4 Ra4+ 36. Kxb5 Rxa3 37. Rd2 Rg3 38. Kc5 Rg4 39. Rf2 Rxh4 40. g3 Rh1 41. Kd4 Ra1 42. Ke4 Ra3 43. Rg2 Ra4+ 44. Ke3 Ra3+ 45. Ke4 Ra1 46. Kd4 Rh1 47. Ke4 Ra1 48. Kd4 Rf1 49. Ke4 Re1+ 50. Kf3 f6 51. exf6+ Kxf6 52. Rb2 Rc1 53. Rb5 Rc3+ 54. Kf2 Rd3 55. Ra5 Rd5 56. Ra3 Kf5 57. Kf3 Rb5 58. Rc3 e5 59. fxe5 Rxe5 60. Ra3 g5 61. Rb3 Rc5 62. g4+ hxg4+ 63. Kg3 Re5 64. Ra3 Rb5 65. Rc3 Rb4 66. Rc5+ Kg6 67. Rc8 Re4 68. Rg8+ Kf6 69. Rf8+ Kg7 70. Rc8 Rf4 71. Rc6 Rd4 72. Ra6 Rf4 73. Rc6 Rf6 74. Rxf6 Kxf6 75. Kxg4 Kg6 76. Kg3 Kf5 77. Kf3 Kg6 78. Kg3 Kf5 79. Kf3 g4+ 80. Kg3 Kg5 81. Kg2 Kf4 82. Kf2 Kg5 83. Kg3 Kh5 84. Kg2 Kh4 85. Kh2 g3+ 86. Kg2 Kg4 87. Kg1 Kf3 88. Kf1 1/2-1/2

[Event "Unterfranken-ch M2 54th"]
[Site "Moembris"]
[Date "2003.04.22"]
[Round "2"]
[White "Haecker, Roland"]
[Black "Simon, Carlo"]
[Result "0-1"]
[WhiteElo "1764"]
[BlackElo "1927"]
[PlyCount "84"]
[EventDate "2003.04.21"]
[EventType "swiss"]
[EventRounds "9"]
[EventCountry "GER"]
[SourceTitle "EXT 2015"]
[Source "ChessBase"]
[SourceDate "2014.11.20"]
[SourceVersion "1"]
[SourceVersionDate "2014.11.20"]
[SourceQuality "1"]

1. d4 Nf6 2. c4 c5 3. d5 b5 4. a4 bxc4 5. Nc3 g6 6. e4 d6 7. Bxc4 Bg7 8. Nge2 Ba6 9. Qd3 Bxc4 10. Qxc4 Nbd7 11. f4 0-0 12. a5 a6 13. 0-0 Qc7 14. Bd2 Rfb8 15. Na4 Rb5 16. h3 Ne8 17. Ra2 Qa7 18. Rf3 Rc8 19. Kh1 Rcb8 20. b3 Nc7 21. Nc1 R5b7 22. Bc3 Bxc3 23. Nxc3 Rb4 24. Qe2 Nb5 25. Nxb5 R8xb5 26. e5 Nf8 27. f5 dxe5 28. Qxe5 f6 29. Qg3 Rd4 30. Rd3 Rxd3 31. Qxd3 Qc7 32. fxg6 Nxg6 33. Qc3 Qe5 34. Qxe5 Nxe5 35. Kh2 c4 36. bxc4 Nxc4 37. Rc2 Nd6 38. Rc6 Rxa5 39. Nb3 Rb5 40. Nc5 a5 41. Kg3 Kf7 42. Rc7 Rxc5 0-1

[Event "Unterfranken-ch M2 52th"]
[Site "Massbach"]
[Date "2001.??.??"]
[Round "?"]
[White "Federschmidt, Ralf"]
[Black "Haecker, Roland"]
[Result "1-0"]
[WhiteElo "1814"]
[BlackElo "1774"]
[PlyCount "115"]
[EventDate "2001.04.16"]
[EventType "swiss"]
[EventRounds "9"]
[EventCountry "GER"]
[SourceTitle "EXT 2015"]
[Source "ChessBase"]
[SourceDate "2014.11.20"]
[SourceVersion "1"]
[SourceVersionDate "2014.11.20"]
[SourceQuality "1"]

1. f4 d5 2. Nf3 g6 3. e3 Bg7 4. Nc3 Nf6 5. b3 Nbd7 6. Bb2 0-0 7. d3 Re8 8. Ne2 c5 9. Qd2 e6 10. h3 b6 11. g4 Bb7 12. Ng3 Ne4 13. dxe4 Bxb2 14. Rb1 dxe4 15. Ng5 Bg7 16. Rh2 Nf6 17. Qxd8 Rexd8 18. Bg2 Rd7 19. Bxe4 Nxe4 20. N5xe4 Rad8 21. Re2 h6 22. g5 h5 23. h4 Ba6 24. c4 Bb7 25. Kf2 Kf8 26. Rc1 Ke7 27. Rcc2 Rd3 28. Red2 Rxd2+ 29. Rxd2 Rxd2+ 30. Nxd2 f5 31. Ne2 e5 32. fxe5 Bxe5 33. Nf4 Kf7 34. Ke2 Bc3 35. Kd3 Bxd2 36. Kxd2 Be4 37. a3 Bc6 38. Kc3 a5 39. b4 cxb4+ 40. axb4 axb4+ 41. Kxb4 Bd7 42. Nd5 Ke6 43. Nxb6 Bc6 44. Kc5 Bb7 45. Kd4 f4 46. exf4 Kf5 47. Nd5 Kg4 48. Ne7 Kxh4 49. Nxg6+ Kg4 50. Ke5 Bc8 51. Nf8 h4 52. g6 h3 53. g7 h2 54. g8Q+ Kf3 55. Qd5+ Kg3 56. Ne6 Ba6 57. Ng5 Bxc4 58. Qf3+ 1-0

[Event "Bad Woerishofen op 17th"]
[Site "Bad Woerishofen"]
[Date "2001.??.??"]
[Round "9"]
[White "Haecker, Roland"]
[Black "Grosser, Walter"]
[Result "0-1"]
[WhiteElo "1723"]
[BlackElo "2098"]
[PlyCount "102"]
[EventDate "2001.03.15"]
[EventType "swiss"]
[EventRounds "9"]
[EventCountry "GER"]
[SourceTitle "CBM 081 Extra"]
[Source "ChessBase"]
[SourceDate "2001.05.06"]
[SourceVersion "1"]
[SourceVersionDate "2001.05.06"]
[SourceQuality "1"]

1. d4 Nf6 2. g3 g6 3. Bg2 Bg7 4. Nf3 0-0 5. 0-0 d6 6. Re1 c6 7. c3 Re8 8. e4 Qb6 9. Nbd2 Nbd7 10. Qb3 e5 11. Qxb6 Nxb6 12. dxe5 dxe5 13. b3 Bd7 14. Ba3 Bf8 15. Bb2 Rad8 16. Rad1 Bg4 17. h3 Bxf3 18. Bxf3 Nfd7 19. Kf1 Nc5 20. Be2 Bh6 21. Nf3 Nxe4 22. Rxd8 Rxd8 23. Nxe5 Bg7 24. Bf3 Nd2+ 25. Kg2 Nxf3 26. Nxf3 Nd5 27. Rc1 Re8 28. Rc2 f5 29. a3 c5 30. c4 Bxb2 31. Rxb2 Nc3 32. Rd2 Re7 33. Nh4 Kf7 34. Kf1 b6 35. Ng2 Nb1 36. Ra2 Rd7 37. Ne3 Nd2+ 38. Ke1 Nxb3 39. Nd5 Na5 40. Rc2 Nxc4 41. Rxc4 Rxd5 42. Ke2 b5 43. Rc3 Kf6 44. Rb3 c4 45. Rc3 Ke6 46. a4 a6 47. f4 Rd3 48. Rc1 Kd5 49. axb5 axb5 50. Kf2 c3 51. g4 b4 0-1

[Event "Bad Woerishofen op 17th"]
[Site "Bad Woerishofen"]
[Date "2001.??.??"]
[Round "5"]
[White "Haecker, Roland"]
[Black "Reichwald, Klaus Dieter"]
[Result "1/2-1/2"]
[WhiteElo "1723"]
[BlackElo "2018"]
[PlyCount "47"]
[EventDate "2001.03.15"]
[EventType "swiss"]
[EventRounds "9"]
[EventCountry "GER"]
[SourceTitle "CBM 081 Extra"]
[Source "ChessBase"]
[SourceDate "2001.05.06"]
[SourceVersion "1"]
[SourceVersionDate "2001.05.06"]
[SourceQuality "1"]

1. d4 Nf6 2. g3 g6 3. Bg2 d5 4. Nf3 Bg7 5. 0-0 0-0 6. Re1 Nbd7 7. Nbd2 c6 8. c3 Qc7 9. e4 Nxe4 10. Nxe4 dxe4 11. Rxe4 Nf6 12. Re1 Bg4 13. h3 Bxf3 14. Qxf3 e6 15. Bg5 Nd5 16. Rad1 h6 17. Bc1 Rad8 18. Bf1 Qd7 19. Kg2 Ne7 20. Rd3 Qd5 21. a3 Qxf3+ 22. Kxf3 Rd7 23. Red1 Rfd8 24. h4 1/2-1/2

[Event "Unterfranken-ch M2 52th"]
[Site "Massbach"]
[Date "2001.??.??"]
[Round "?"]
[White "Haecker, Roland"]
[Black "Steeger, Horst"]
[Result "1/2-1/2"]
[WhiteElo "1774"]
[BlackElo "1839"]
[PlyCount "84"]
[EventDate "2001.04.16"]
[EventType "swiss"]
[EventRounds "9"]
[EventCountry "GER"]
[SourceTitle "EXT 2015"]
[Source "ChessBase"]
[SourceDate "2014.11.20"]
[SourceVersion "1"]
[SourceVersionDate "2014.11.20"]
[SourceQuality "1"]

1. d4 d5 2. c4 c6 3. e3 e6 4. Nc3 Nf6 5. Bd3 Bd6 6. Nf3 Nbd7 7. e4 dxe4 8. Nxe4 Nxe4 9. Bxe4 Nf6 10. Bc2 Qa5+ 11. Bd2 Qh5 12. Qe2 b5 13. a4 bxc4 14. Qxc4 Qd5 15. Qxd5 Nxd5 16. 0-0 a5 17. Be4 f6 18. Rfe1 Kf7 19. Rac1 Bd7 20. Bd3 g6 21. b3 g5 22. Be3 h6 23. Nd2 Bb4 24. Red1 Nc3 25. Rf1 Rhb8 26. Ne4 Nd5 27. Bc4 f5 28. Nc5 Be8 29. Rc2 Kf6 30. Bc1 Rd8 31. Bb2 Bf7 32. Rd1 Bg6 33. Nd3 Bd6 34. Ne5 Be8 35. Re1 Bb4 36. Rd1 h5 37. Nd3 Bd6 38. Re1 f4 39. Ne5 Bxe5 40. dxe5+ Kf7 41. Rce2 Bd7 42. Re4 Rg8 1/2-1/2

[Event "Unterfranken-ch M2 52th"]
[Site "Massbach"]
[Date "2001.??.??"]
[Round "?"]
[White "Klueber, Werner"]
[Black "Haecker, Roland"]
[Result "1/2-1/2"]
[WhiteElo "1809"]
[BlackElo "1774"]
[PlyCount "35"]
[EventDate "2001.04.16"]
[EventType "swiss"]
[EventRounds "9"]
[EventCountry "GER"]
[SourceTitle "EXT 2015"]
[Source "ChessBase"]
[SourceDate "2014.11.20"]
[SourceVersion "1"]
[SourceVersionDate "2014.11.20"]
[SourceQuality "1"]

1. d4 d5 2. c4 e6 3. Nc3 Nf6 4. Bg5 Be7 5. Nf3 c6 6. e3 Nbd7 7. Bd3 0-0 8. 0-0 dxc4 9. Bxc4 b6 10. Rc1 Bb7 11. a3 c5 12. Be2 Nd5 13. Bxe7 Qxe7 14. Nxd5 Bxd5 15. Bb5 Rfd8 16. Qe2 Rac8 17. Bxd7 Bxf3 18. Qxf3 1/2-1/2

[Event "Unterfranken-ch M2 52th"]
[Site "Massbach"]
[Date "2001.??.??"]
[Round "?"]
[White "Krug, Rudi"]
[Black "Haecker, Roland"]
[Result "1/2-1/2"]
[WhiteElo "1816"]
[BlackElo "1774"]
[PlyCount "36"]
[EventDate "2001.04.16"]
[EventType "swiss"]
[EventRounds "9"]
[EventCountry "GER"]
[SourceTitle "EXT 2015"]
[Source "ChessBase"]
[SourceDate "2014.11.20"]
[SourceVersion "1"]
[SourceVersionDate "2014.11.20"]
[SourceQuality "1"]

1. e4 e5 2. d4 exd4 3. Nf3 d5 4. Qxd4 Be6 5. exd5 Qxd5 6. Nc3 Qxd4 7. Nxd4 Bb4 8. Bf4 c6 9. Nxe6 fxe6 10. Bc4 Kf7 11. Bd2 Nf6 12. 0-0-0 Nbd7 13. Rhe1 Rhe8 14. f4 b5 15. Be2 Nb6 16. Bf3 Nbd5 17. Nxd5 Bxd2+ 18. Rxd2 exd5 1/2-1/2

[Event "Bad Woerishofen op 17th"]
[Site "Bad Woerishofen"]
[Date "2001.??.??"]
[Round "2"]
[White "Sammut Briffa, Peter"]
[Black "Haecker, Roland"]
[Result "1-0"]
[WhiteElo "2000"]
[BlackElo "1723"]
[PlyCount "41"]
[EventDate "2001.03.15"]
[EventType "swiss"]
[EventRounds "9"]
[EventCountry "GER"]
[SourceTitle "CBM 081 Extra"]
[Source "ChessBase"]
[SourceDate "2001.05.06"]
[SourceVersion "1"]
[SourceVersionDate "2001.05.06"]
[SourceQuality "1"]

1. e4 c5 2. Nf3 Nc6 3. c4 d6 4. d4 cxd4 5. Nxd4 g6 6. Be2 Bg7 7. Be3 Nf6 8. Nc3 h6 9. 0-0 0-0 10. Qd2 Nxd4 11. Bxd4 Be6 12. f3 Rc8 13. b3 Qa5 14. Rfd1 Rfe8 15. Rac1 Nd7 16. Bxg7 Kxg7 17. Kh1 f5 18. Bd3 Ne5 19. exf5 Nxd3 20. f6+ Kxf6 21. Ne4+ 1-0